|
|
|
|
| LEADER |
00000nam a2200000 a 4500 |
| 001 |
vtls010077186 |
| 003 |
SK-MaSNL |
| 005 |
20260301172343.0 |
| 008 |
240314s1998 rm oa b 000 0drum |
| 015 |
|
|
|a SNBZSA2011-00016
|
| 020 |
|
|
|a 973929233X
|q (brož.)
|
| 040 |
|
|
|a SNK
|b slo
|c SNK
|e AACR2
|
| 041 |
0 |
|
|a rum
|
| 043 |
|
|
|a e-rm---
|a e-xo---
|
| 044 |
|
|
|a rm
|c RO
|
| 072 |
|
7 |
|a 316.3
|x Globálne spoločnosti. Sociálna štruktúra. Sociálne skupiny
|2 konspekt
|
| 080 |
|
|
|a 316.347
|x (=162.4)
|x (498)
|2 2001
|
| 080 |
|
|
|a 323.15
|x (=162.4)
|x (498)
|2 2001
|
| 080 |
|
|
|a 316.723
|2 2001
|
| 100 |
1 |
|
|a Štefanko, Ondrej,
|d 1949-2008
|4 aut
|9 204508
|
| 245 |
1 |
0 |
|a Ghid despre Slovacii din România
|c Ondrej Štefanko
|
| 260 |
|
|
|a Nădlac
|b Societăţii Culturale şi Ştiinţifice "Ivan Krasko"
|c 1998
|
| 300 |
|
|
|a 91s.
|b ilustr.
|c 19 cm
|
| 500 |
|
|
|a Pôvodne vyšlo v časopise Naše snahy
|
| 500 |
|
|
|a Biogr. pozn.
|
| 504 |
|
|
|a Bibliogr. s. 89
|
| 650 |
0 |
7 |
|a Slováci
|z Rumunsko
|2 SNKPH
|9 316537
|
| 655 |
|
7 |
|a štúdie
|2 SNKPH
|9 57033
|
| 655 |
|
7 |
|a prehľady
|2 SNKPH
|9 70194
|
| 919 |
|
|
|a 973-9292-33-X
|
| 958 |
|
|
|a ZS
|
| 958 |
|
|
|a NB
|
| 958 |
|
|
|a RO
|
| 958 |
|
|
|a NM
|
| 999 |
|
|
|c 833113
|d 835043
|
| 952 |
|
|
|a SNK
|b SNK
|y PREZ
|7 0
|p 17A0675335
|o snkSD 79618
|i snk2010/23285
|8 2
|g 3.00
|0 0
|1 0
|4 0
|d 2010-03-19
|l 0
|r 2025-11-27 00:00:00
|w 2026-02-24
|
| 952 |
|
|
|a SNK
|b SNK
|y VYP
|7 0
|p 17A0675336
|o snkSD 79618 D1
|i snk2010/23286
|8 2
|g 3.00
|0 0
|1 0
|4 0
|d 2010-03-19
|l 0
|r 2017-06-30 00:00:00
|w 2026-02-24
|